Young Multi - piosenka po emotkach - Statystyki

Ogólne statystyki
  • Ten quiz został rozwiązany 206 razy
  • Średni wynik to 7 z 10
Statystyki odpowiedzi
Emotki Piosenka % Poprawnych
🧂 Sól
98%
4️⃣8️⃣1️⃣0️⃣0️⃣ 48100
83%
❌❤ Bez Serca
76%
👽 Kosmita
75%
👜 Torba
73%
🛹3️⃣ Skate 3
68%
🔋⚡ Power Up
64%
¯\_(ツ)_/¯ Nie Wiem
61%
😭 Beksa
55%
🥂 Toast
50%
Nie znaleziono quizów pasujących do podanych kryteriów
Rozkład punktacji
Procent ludzi z każdym wynikiem
Percentyl według liczby udzielonych odpowiedzi
Twoja historia wyników
Nie rozwiązałeś tego quizu